A Magyarok oknyomozó története A Közepiskolák VIII. osztálya számára

Bibliographic Details
Main Author: Varga, Ottó (Author)
Format: Book
Language:Hungarian
PhysicalDescription:291 strán 8°
Published: Budapest Franklin-Társulat 1907
Edition:6. vydanie
Subjects:

MARC

LEADER 00000nam a2200000 a 4500
001 vtls001165041
003 SK-MaSNL
005 20260301063317.0
008 240226s1907 hu j p 000 0 hun
020 |q (brožované) 
035 |a SNK000108011 
035 |a urn:nbn:sk:snk-am3i5p3 
035 |a 6E9C26A3-2E88-4574-870A-4432C45655B0 
035 |a urn:nbn:sk:snk-am00dkzv 
040 |a SNK  |b slo  |c SNK  |e AACR2 
041 0 |a hun 
043 |a e-hu--- 
044 |a hu  |c HU 
080 |a 94(439)  |2 2011 
080 |a (075)  |2 2011 
100 1 |a Varga, Ottó  |4 aut  |9 378864 
245 1 2 |a A Magyarok oknyomozó története  |b A Közepiskolák VIII. osztálya számára  |c irta Ottó Varga 
250 |a 6. vydanie 
260 |a Budapest  |b Franklin-Társulat  |c 1907 
300 |a 291 strán  |c 8° 
651 7 |a Uhorsko  |x dejiny  |2 SNKPHgeo  |9 56334 
655 7 |a učebnice  |2 SNKPH  |9 22521 
655 7 |a učebnice základných škôl  |2 SNKPH  |9 70187 
752 |a Maďarsko  |d Budapešť 
958 |a ONDV 
958 |a HU 
999 |c 623596  |d 625526 
952 |a SNK  |b SNK  |y PREZ  |7 0  |p 17A0796983  |o snkSC 8563  |i snkKSK 1787/56  |8 3  |0 0  |1 0  |4 0  |d 2019-07-29  |f 1  |l 0  |r 2025-07-09 00:00:00  |w 2026-02-23